Bekannte Slogans #2 - Statistiken

Allgemein
  • Dieses Quiz wurde 378 mal gespielt
  • Das Durchschnittsergebnis liegt bei 10 aus 15
Antwortstatistiken
Slogan Marke % Korrekt
Brille: _____ Fielmann
97%
_____ repariert, _____ tauscht aus Carglass
91%
Weil wir Schuhe lieben Deichmann
89%
Die wahrscheinlich längste Praline der Welt Duplo
84%
Im Falle eines Falles klebt _____ wirklich alles UHU
78%
Das gibt's doch gar nicht! Doch, bei _____ Roller
77%
Keiner macht mich mehr an Ehrmann
72%
Dafür steh ich mit meinem Namen Hipp
69%
Respekt, wer's selber macht Toom
65%
Wenn's gut werden muss Bauhaus
64%
Einmal hin, alles drin Real
63%
Liebe ist, wenn es _____ ist Landliebe
50%
3...2...1...meins! Ebay
41%
Heute ein König König Pilsener
30%
Unaussprechlich, aber ausgesprochen gut Umckaloabo
23%
Keine übereinstimmenden Quizze gefunden
Verteilung der Resultate
Anzahl Personen mit jedem Resultat
Perzentil nach korrekt beantworteten Fragen
Ihre Resultats-Entwicklung
Sie haben dieses Quiz noch nicht gespielt